000 00470nam a2200181Ia 4500
005 20250326125957.0
008 250326s9999 xx 000 0 und d
037 _aTextbook
040 _aFMSL
_beng
_cFMSL
041 _aeng
_2eng
084 _aX N9
_qFMSL
100 _aGovt. OF India
245 0 _aEconomic survey 1968-69
_cGovt. OF India
260 _aDelhi
_bDelhi, Division
_c1969
300 _a125p
942 _cTB
_hX N9
999 _c1280418
_d1280418